|
|
|
|
| LEADER |
03041nam a22004815i 4500 |
| 001 |
978-3-540-79218-5 |
| 003 |
DE-He213 |
| 005 |
20151204182749.0 |
| 007 |
cr nn 008mamaa |
| 008 |
100301s2008 gw | s |||| 0|eng d |
| 020 |
|
|
|a 9783540792185
|9 978-3-540-79218-5
|
| 024 |
7 |
|
|a 10.1007/978-3-540-79218-5
|2 doi
|
| 040 |
|
|
|d GrThAP
|
| 050 |
|
4 |
|a QD415-436
|
| 072 |
|
7 |
|a PNN
|2 bicssc
|
| 072 |
|
7 |
|a SCI013040
|2 bisacsh
|
| 082 |
0 |
4 |
|a 547
|2 23
|
| 245 |
1 |
0 |
|a Bioactive Heterocycles VI
|h [electronic resource] :
|b Flavonoids and Anthocyanins in Plants, and Latest Bioactive Heterocycles I /
|c edited by Noboru Motohashi.
|
| 264 |
|
1 |
|a Berlin, Heidelberg :
|b Springer Berlin Heidelberg,
|c 2008.
|
| 300 |
|
|
|a XIV, 283 p. 178 illus., 14 illus. in color.
|b online resource.
|
| 336 |
|
|
|a text
|b txt
|2 rdacontent
|
| 337 |
|
|
|a computer
|b c
|2 rdamedia
|
| 338 |
|
|
|a online resource
|b cr
|2 rdacarrier
|
| 347 |
|
|
|a text file
|b PDF
|2 rda
|
| 490 |
1 |
|
|a Topics in Heterocyclic Chemistry,
|x 1861-9282 ;
|v 15
|
| 505 |
0 |
|
|a N. Motohashi, H. Sakagami: Functionality of Anthocyanins as Alterative Medicine -- S. Jaldappagari, N. Motohashi, M.P. Gangeenahalli, J.H. Naismith: Bioactive Mechanism of Interaction Between Anthocyanins and Macromolecules Like DNA and Proteins -- A. Dasgupta, S.G. Dastidar, Y. Shirataki, Noboru Motohashi: Antibacterial Activity of Artificial Phenothiazines and Isoflavones from Plants -- J. Molnár, H. Engi, N. Gyémánt, Z. Schelz, G. Spengler, I. Ocsovszki, M. Szücs, J. Hohmann, M. Szabo, L. Tanács , P. Molnár, J. Deli, L. Krenn, M. Kawase, H. Wakabayashi, T. Kurihara, Y. Shirataki, H. Sakagami, N. Motohashi, R. Didiziapetris: Multidrug Resistance of Cancer Cells by Selected Carotenoids, Flavonoids and Anthocyanins -- M. Kobayashi, H. Sakagami, M. Kawase, N. Motohashi: Changes in Polyamine Levels during Cell Death Induced by Heterocycles -- H. Sakagami, M. Kobayashi, M. Ishihara, H. Kikuchi, Y. Nakamura, M. Kawase, N. Motohashi: Tumor Specificity and Type of Cell Death induced by Heterocycles -- A. Shah, J. Bariwal, J. Molnár, M. Kawase, N. Motohashi: Advanced Dihydropyridines as Novel Multidrug Resistance Modifiers and Reversing Agents -- T. Kurihara, K. Shinohara, M. Inabe, H. Wakabayashi, N. Motohashi, H. Sakagami, J. Molnar: Theoretical Studies on Phenothiazines, Benzo[a]phenothiazines and Benz[c]acridines.
|
| 520 |
|
|
|a Table of Contents.
|
| 650 |
|
0 |
|a Chemistry.
|
| 650 |
|
0 |
|a Organic chemistry.
|
| 650 |
|
0 |
|a Medicinal chemistry.
|
| 650 |
|
0 |
|a Biochemistry.
|
| 650 |
1 |
4 |
|a Chemistry.
|
| 650 |
2 |
4 |
|a Organic Chemistry.
|
| 650 |
2 |
4 |
|a Biochemistry, general.
|
| 650 |
2 |
4 |
|a Medicinal Chemistry.
|
| 700 |
1 |
|
|a Motohashi, Noboru.
|e editor.
|
| 710 |
2 |
|
|a SpringerLink (Online service)
|
| 773 |
0 |
|
|t Springer eBooks
|
| 776 |
0 |
8 |
|i Printed edition:
|z 9783540792178
|
| 830 |
|
0 |
|a Topics in Heterocyclic Chemistry,
|x 1861-9282 ;
|v 15
|
| 856 |
4 |
0 |
|u http://dx.doi.org/10.1007/978-3-540-79218-5
|z Full Text via HEAL-Link
|
| 912 |
|
|
|a ZDB-2-CMS
|
| 950 |
|
|
|a Chemistry and Materials Science (Springer-11644)
|